| 000 | 00443cam a2200169ua 4500 | ||
|---|---|---|---|
| 020 | _c5.00 | ||
| 041 |
_amal _h |
||
| 082 |
_a923.2 _bKRI/EL |
||
| 100 | _aKrishna, Kripalani . | ||
| 245 |
_aElla manushyarum sahodarar / _cKrishna kripalani. _hTextual Documents |
||
| 260 |
_aKottayam : _bSahitya Pravarthaka Co-operative Society , _c1965. |
||
| 300 | _a404 ; . | ||
| 365 | _a5.00 | ||
| 504 | _a | ||
| 942 | _cBK | ||
| 999 |
_c5180 _d5180 |
||